Los nervios del gobierno (Registro nro. 5827)
[ vista simple ]
| 000 -LEADER | |
|---|---|
| fixed length control field | 01746 a2200217 4500 |
| 001 - CONTROL NUMBER | |
| control field | 54920 |
| 005 - DATE AND TIME OF LATEST TRANSACTION | |
| control field | 20260407155824.0 |
| 008 - FIXED-LENGTH DATA ELEMENTS--GENERAL INFORMATION | |
| fixed length control field | 260407a1971 arg spa d |
| 003 - CONTROL NUMBER IDENTIFIER | |
| control field | AR-UNSa-BCEJYS |
| 040 ## - CATALOGING SOURCE | |
| Original cataloging agency | AR-UNSa-BCEJYS |
| Language of cataloging | spa |
| Transcribing agency | AR-UNSa-BCEJYS |
| 080 ## - UNIVERSAL DECIMAL CLASSIFICATION NUMBER | |
| Universal Decimal Classification number | 316.77:32 |
| Common auxiliary subdivision | Comunicación política |
| 100 1# - MAIN ENTRY--PERSONAL NAME | |
| Personal name | Deutsch, Karl W. |
| 245 10 - TITLE STATEMENT | |
| Title | Los nervios del gobierno |
| Name of part/section of a work | modelos de comunicación y control políticos |
| 250 ## - EDITION STATEMENT | |
| Edition statement | 2a. ed. |
| 264 #1 - PRODUCTION, PUBLICATION, DISTRIBUTION, MANUFACTURE, AND COPYRIGHT NOTICE | |
| Place of production, publication, distribution, manufacture | Buenos Aires : |
| Name of producer, publisher, distributor, manufacturer | Paidós |
| Date of production, publication, distribution, manufacture, or copyright notice | 1971 |
| 300 ## - PHYSICAL DESCRIPTION | |
| Extent | 274 p. |
| Dimensions | 23 cm. |
| 505 ## - FORMATTED CONTENTS NOTE | |
| Formatted contents note | Parte I: La búsqueda de modelos de la sociedad y la política - 1. Instrumentos del pensamiento: el carácter general de la teoría y los modelos - 2. Algunos modelos clásicos en la historia del pensamiento - 3. Algunos modelos recientes en las ciencias sociales - 4. La teoría de los juegos de von Neumann y Morgenstern - Parte II: Cibernética: Nuevos modelos para la comunicación y el control - 5. Un modelo cibernético simple - 6. La conciencia y la voluntad como pautas del flujo de comunicación - 7. Poder político y transacciones sociales - 8. Autonomía,integridad y significado - Parte III: Modelos de comunicación y sistemas de decisión política - 9. Modelos de comunicación y sistemas de decisión: algunas consecuencias para la investigación - 10. Capacidad de aprendizaje y creatividad en política: la búsqueda de cohesión y de valores - 11. El gobierno como proceso de conducción: los conceptos de realimentación,objetivo y propósito - 12. Autoconciencia política,autonomía y soberanía - 13. La autoclausura de los sistemas políticos - 14. La política de poder y la política de desarrollo |
| 590 ## - LOCAL NOTE (RLIN) | |
| Local note | niveau_biblio:m niveau_hierar:0 |
| 700 1# - ADDED ENTRY--PERSONAL NAME | |
| Personal name | Ciria, Alberto |
| 942 ## - ADDED ENTRY ELEMENTS (KOHA) | |
| Koha item type | |
| Withdrawn status | Lost status | Damaged status | Not for loan | Home library | Current library | Shelving location | Date acquired | Total checkouts | Full call number | Barcode | Date last seen | Price effective from | Koha item type |
|---|---|---|---|---|---|---|---|---|---|---|---|---|---|
| Biblioteca Prof. Eusebio Cleto del Rey | Biblioteca Prof. Eusebio Cleto del Rey | 07/04/2026 | 316.77:32 D485 | L24538 | 07/04/2026 | 07/04/2026 | Libro | ||||||
| Biblioteca Prof. Eusebio Cleto del Rey | Biblioteca Prof. Eusebio Cleto del Rey | 07/04/2026 | 316.77:32 D485 | L24539 | 07/04/2026 | 07/04/2026 | Libro |